Bhartiya Uccha Shiksha ke Paanch Dashak : Philip G Altbach ke Nibandho ka Sankalan /

Bibliographic Details
Main Author: Agarwal, Pawan, (Author)
Format: eBook
Language:Hindi
Published: New Delhi : SAGE Publications, 2018.
Subjects:
Online Access:Click to View
LEADER 01592nam a2200385 i 4500
001 EBC5354348
003 MiAaPQ
005 20220521104521.0
006 m o d |
007 cr cnu||||||||
008 220521s2018 ii o 000 0 hin d
020 |z 9789352804467  |q (print) 
020 |a 9789352804481  |q (electronic bk.) 
035 |a (MiAaPQ)EBC5354348 
035 |a (Au-PeEL)EBL5354348 
035 |a (CaPaEBR)ebr11548287 
035 |a (OCoLC)1032375162 
040 |a MiAaPQ  |b eng  |e rda  |e pn  |c MiAaPQ  |d MiAaPQ 
043 |a a-ii--- 
050 4 |a LA1153  |b .A337 2018 
082 0 |a 378.54  |2 23 
100 1 |a Agarwal, Pawan,  |e author. 
245 1 0 |a Bhartiya Uccha Shiksha ke Paanch Dashak :  |b Philip G Altbach ke Nibandho ka Sankalan /  |c Pawan Agarwal. 
264 1 |a New Delhi :  |b SAGE Publications,  |c 2018. 
300 |a 1 online resource (585 pages) 
336 |a text  |b txt  |2 rdacontent 
337 |a computer  |b c  |2 rdamedia 
338 |a online resource  |b cr  |2 rdacarrier 
588 |a Description based on print version record. 
590 |a Electronic reproduction. Ann Arbor, MI : ProQuest, 2018. Available via World Wide Web. Access may be limited to ProQuest affiliated libraries. 
650 0 |a Education, Higher  |z India. 
655 4 |a Electronic books. 
776 0 8 |i Print version:  |a Agarwal, Pawan.  |t Bhartiya Uccha Shiksha ke Paanch Dashak : Philip G Altbach ke Nibandho ka Sankalan.  |d New Delhi : SAGE Publications, c2018   |h 585 pages   |z 9789352804467 
797 2 |a ProQuest (Firm) 
856 4 0 |u https://ebookcentral.proquest.com/lib/matrademy/detail.action?docID=5354348  |z Click to View